000 00719nam a2200193 a 4500
001 000021032
005 20200930011221.0
008 100830s1985 dr ac g 000 0dspa d
040 _aDO-SdBNP
_bspa
_cBNPHU
082 _a923.57293
_bC355y
100 1 _aCastro Beras, Pantolín de,
_d1930-
_944006
245 1 0 _aYo puedo ... :
_bvivencias de un luchador sin ring /
_cPantolín de Castro Beras.
260 _aSanto Domingo :
_bEdita Libros,
_c1985.
300 _a96 p. :
_bil., retr. ;
_c22 cm.
650 4 _aMilitares
_xCorrespondencia, memorias, etc.
_938425
650 4 _aSociología militar
_zRepública Dominicana
_xCorrespondencia, memorias, etc.
_944007
910 _aValidado. Control de calidad EMS.
049 _aBNPD
999 _c20535
_d20535